Представление документа в формате RUSMARC

ПолеНазваниеЗначение
  Тип записи a
  Библиографический уровень m
001 Контрольный номер RU/SLIB/B/208759544
005 Дата корректировки 20201206204209.2
010 Индекс ISBN __
a ISBN 5-7325-0466-4
d Цена 364-63; 130-00
101 Язык документа 0_
a Язык текста rus
200 Заглавие и сведения об ответственности 1_
a Заглавие Инсульт
e Сведения, относящиеся к заглавию практ. рук. для ведения больных
f Первые сведения об ответственности Ч. П. Ворлоу [и др.] ; под ред. А. А. Скоромца, В. А. Сорокоумова ; предисл. Г. Дж. М. Барнета ; пер. с англ. А. В. Борисова [и др.]
b Общее обозначение материала Текст
210 Выходные данные __
a Место издания СПб.
c Издательство Политехника
d Дата издания 1998
215 Физическое описание __
a Объем 629 с.
c Иллюстрации/тип воспроизводства ил., портр., факс.
320 Библиография __
a Библиография Библиогр.: с. 535-613.- Предм. указ.: с. 614-629
330 Аннотация __
a Аннотация Это фундаментальный труд рассматривает самые различные вопросы нарушения мозгового кровообращения: от истории развития знаний о сосудистых заболеваниях головного мозга до самых последних результатов рандомизированных контролируемых испытаний в ангионеврологии.
606 Тематические рубрики __
a Основная рубрика Здравоохранение. Медицинские науки
606 Тематические рубрики __
a Основная рубрика Невропатология
610 Ключевые слова __
a Ключевые слова профилактика неврозов; лечение нервных заболеваний; инсульты; болезни нервной системы; мозг; кровоизлияние; ишемические инсульты
686 Индексы других классификаций __
a Классификационный индекс 56.127.7,3
702 Вторичная интеллектуальная ответственность _1
a Фамилия Ворлоу
b Имя Ч. П.
4 Код отношения Автор
4 Код отношения 070
702 Вторичная интеллектуальная ответственность _1
a Фамилия Деннис
b Имя М. С.
4 Код отношения Автор
4 Код отношения 070
702 Вторичная интеллектуальная ответственность _1
a Фамилия Гейн
b Имя Ж. ван
4 Код отношения Автор
4 Код отношения 070
702 Вторичная интеллектуальная ответственность _1
a Фамилия Ханкий
b Имя Г. Ж.
4 Код отношения Автор
4 Код отношения 070
702 Вторичная интеллектуальная ответственность _1
a Фамилия Сандеркок
b Имя П. А. Г.
4 Код отношения Автор
4 Код отношения 070
702 Вторичная интеллектуальная ответственность _1
a Фамилия Бамфорд
b Имя Ж. М.
4 Код отношения Автор
4 Код отношения 070
702 Вторичная интеллектуальная ответственность _1
a Фамилия Вордлау
b Имя Ж.
4 Код отношения Автор
4 Код отношения 070
702 Вторичная интеллектуальная ответственность _1
a Фамилия Скоромца
b Имя А. А.
4 Код отношения Редактор
4 Код отношения 340
702 Вторичная интеллектуальная ответственность _1
a Фамилия Сорокоумова
b Имя В. А.
4 Код отношения Редактор
4 Код отношения 340
801 Источник записи _0
a Страна RU
b Организация Муниципальное бюджетное учреждение культуры "Централизованная библиотечная система" г. Сургут (Центральная городская библиотека им. А. С. Пушкина)
g Правила каталогизации КиК/Гришунина
801 Источник записи _1
a Страна RU
b Организация Муниципальное бюджетное учреждение культуры "Централизованная библиотечная система" г. Сургут (Центральная городская библиотека им. А. С. Пушкина)
g Правила каталогизации КиК/Гришунина
852 Данные о местонахождении __
j Шифр хранения 56.127.7,3
c Каталожный индекс 56.12
i Авторский знак И 72
p Инвентарный номер 04120646; 04120647; 04030916
901 Тип документа __
t Тип документа m
903 Характеристики (МАРС) __
a Дата передачи 20041207; 20040227
969 Тип издания __
a Тип издания практическое руководство
990 Данные о заказе (DOS) __
j Количество экземпляров (DOS) 2; 1
t N записи в КСУ для И/У (DOS) 200412; 200403